The Kabbalistic tradition : (Record no. 93282)
[ view plain ]
| 000 -LEADER | |
|---|---|
| campo de control de longitud fija | 01153cam a2200265 i 4500 |
| 001 - NÚMERO DE CONTROL | |
| campo de control | 111798 |
| 005 - FECHA Y HORA DE LA ÚLTIMA TRANSACCIÓN | |
| campo de control | 20230410142317.0 |
| 008 - DATOS DE LONGITUD FIJA--INFORMACIÓN GENERAL | |
| campo de control de longitud fija | 130805s2008 enk g b 001 ideng d |
| 020 ## - NÚMERO INTERNACIONAL ESTÁNDAR DEL LIBRO | |
| Número Internacional Estándar del Libro | 9780140437997 |
| 041 ## - CÓDIGO DE IDIOMA | |
| Código de lengua del texto/banda sonora o título independiente | eng |
| 050 14 - SIGNATURA TOPOGRÁFICA DE LA BIBLIOTECA DEL CONGRESO | |
| Número de clasificación | BM 723 |
| Número de ítem | K11 2008 |
| 049 ## - FONDOS LOCALES (OCLC) | |
| Biblioteca depositaria | GRAL |
| 245 14 - MENCIÓN DEL TÍTULO | |
| Título | The Kabbalistic tradition : |
| Resto del título | an anthology of Jewish mysticism / |
| Mención de responsabilidad, etc. | edited an traslated with an introduction and notes by Alan Unterman. |
| 246 30 - FORMA VARIANTE DEL TITULO | |
| Título propio/Titulo breve | Anthology of Jewish mysticism. |
| 260 ## - PUBLICACIÓN, DISTRIBUCIÓN, ETC. | |
| Lugar de publicación, distribución, etc. | London : |
| Nombre del editor, distribuidor, etc. | Penguin Classics / Penguin Books, |
| Fecha de publicación, distribución, etc. | 2008. |
| 300 ## - DESCRIPCIÓN FÍSICA | |
| Extensión | xlv, 382 p. ; |
| Dimensiones | 22 cm. |
| 504 ## - NOTA DE BIBLIOGRAFÍA, ETC. | |
| Nota de bibliografía, etc. | Includes bibliographical references ( p.[354]-359 ) and index. |
| 505 0# - NOTA DE CONTENIDO CON FORMATO | |
| Nota de contenido con formato | God--- Cosmos--- Angels--- Holy scriptures: bible characteers and themes--- Natural and supernatural worlds--- Supernatural powers--- Men and women--- Rituals--- Sacred space and sacred time--- Death and afterlife--- The dark forces: Evil and sin; Demons--- Redemption. |
| 650 ## - PUNTO DE ACCESO ADICIONAL DE MATERIA--TÉRMINO DE MATERIA | |
| Término de materia o nombre geográfico como elemento de entrada | Mysticism |
| Subdivisión general | Judaism. |
| 650 #0 - PUNTO DE ACCESO ADICIONAL DE MATERIA--TÉRMINO DE MATERIA | |
| Término de materia o nombre geográfico como elemento de entrada | Mysticism |
| Subdivisión general | Judaism |
| Subdivisión de forma | Literary collections. |
| 650 #0 - PUNTO DE ACCESO ADICIONAL DE MATERIA--TÉRMINO DE MATERIA | |
| Término de materia o nombre geográfico como elemento de entrada | Jewish culture and contexts |
| 700 1# - ENTRADA AGREGADA--NOMBRE PERSONAL | |
| Nombre de persona | Unterman, Alan. |
| Fechas asociadas al nombre | 1942 |
| Término indicativo de función/relación | edt. |
| 942 ## - ELEMENTOS DE ENTRADA SECUNDARIOS (KOHA) | |
| Fuente del sistema de clasificación o colocación | Clasificación de Library of Congress |
| Tipo de ítem Koha | |
| 946 ## - PROCESAMIENTO DE INFORMACIÓN LOCAL (OCLC) | |
| a | PP |
| Estatus retirado | Estado de pérdida | Fuente del sistema de clasificación o colocación | Estado de daño | No para préstamo | Colección | Biblioteca de origen | Biblioteca actual | Ubicación en estantería | Fecha de adquisición | Serial enumeration / chronology | Signatura topográfica completa | Código de barras | Visto por última vez | Copia número | Tipo de ítem Koha |
|---|---|---|---|---|---|---|---|---|---|---|---|---|---|---|---|
| Clasificación de Library of Congress | Humanidades | Biblioteca Juan Bosch | Biblioteca Juan Bosch | Humanidades (4to. Piso) | 10/04/2023 | 1 | BM 723 K11 2008 | 00000105287 | 17/11/2018 | 1 |
